[Event "V4 OPEN - International Championship of Slovakia 2
[Site "Banska Stiavnica"]
[Date "2013.07.12"]
[Round "7"]
[Board "29"]
[White "Lukac, Roman"]
[Black "Chmielewski, Jakub"]
[Result "1/2-1/2"]
[WhiteElo "2126"]
[BlackElo "1880"]
[PlyCount "0"]
[EventDate "2013.07.06"]
[EventRounds "9"]
[EventCountry "SVK"]

1. e4 {[%clk 1:22:13]} c5 {[%clk 1:30:56]} 2. Nf3 {[%clk 1:22:26]} d6
{[%clk 1:31:23]} 3. d4 {[%clk 1:22:38]} cxd4 {[%clk 1:31:49]} 4. Nxd4
{[%clk 1:22:58]} Nf6 {[%clk 1:32:15]} 5. Nc3 {[%clk 1:23:15]} Nc6
{[%clk 1:32:40]} 6. Bc4 {[%clk 1:22:43]} e6 {[%clk 1:32:59]} 7. Be3
{[%clk 1:22:02]} Be7 {[%clk 1:33:04]} 8. Qe2 {[%clk 1:20:16]} O-O
{[%clk 1:33:00]} 9. a3 {[%clk 1:14:49]} Bd7 {[%clk 1:20:15]} 10. f3
{[%clk 1:03:56]} Qa5 {[%clk 1:14:36]} 11. O-O {[%clk 0:53:15]} d5
{[%clk 0:51:51]} 12. Nb3 {[%clk 0:35:46]} Qc7 {[%clk 0:46:52]} 13. exd5
{[%clk 0:33:28]} exd5 {[%clk 0:28:38]} 14. Bxd5 {[%clk 0:20:31]} Bd6
{[%clk 0:26:24]} 15. g3 {[%clk 0:12:55]} a6 {[%clk 0:23:47]} 16. Qf2
{[%clk 0:11:30]} Rae8 {[%clk 0:18:11]} 17. Rfe1 {[%clk 0:09:04]} Ne5
{[%clk 0:14:59]} 18. Bb6 {[%clk 0:08:46]} Qb8 {[%clk 0:13:54]} 19. Rad1
{[%clk 0:06:42]} Nxd5 {[%clk 0:11:21]} 20. Nxd5 {[%clk 0:06:09]} Bc6
{[%clk 0:11:11]} 21. Re4 {[%clk 0:02:52]} f5 {[%clk 0:07:23]} 22. Red4
{[%clk 0:02:25]} f4 {[%clk 0:05:24]} 23. g4 {[%clk 0:02:00]} Re6 {[%clk 0:04:07]}
24. Re4 {[%clk 0:01:41]} Nxg4 {[%clk 0:03:39]} 25. Rxe6 {[%clk 0:01:51]} Nxf2
{[%clk 0:04:00]} 26. Kxf2 {[%clk 0:01:43]} Bd7 {[%clk 0:02:34]} 27. Ne7+
{[%clk 0:01:15]} Bxe7 {[%clk 0:02:44]} 28. Rxe7 {[%clk 0:01:38]} Bc6
{[%clk 0:02:27]} 29. Nd4 {[%clk 0:01:22]} Qc8 {[%clk 0:01:39]} 30. Ne6
{[%clk 0:01:21]} Rf7 {[%clk 0:00:48]} 31. Rd8+ Qxd8 32. Bxd8 {[%clk 0:02:11]}
Rxe7 {[%clk 0:01:39]} 33. Bxe7 {[%clk 0:02:27]} Kf7 {[%clk 0:02:07]} 34. Nxf4
{[%clk 0:02:02]} Kxe7 {[%clk 0:02:35]} 35. Ke3 {[%clk 0:01:53]} Kd6
{[%clk 0:02:09]} 36. b4 {[%clk 0:01:05]} b6 {[%clk 0:01:33]} 37. c4
{[%clk 0:00:57]} g5 {[%clk 0:00:51]} 38. Ne2 {[%clk 0:00:35]} Ke5
{[%clk 0:00:38]} 39. f4+ {[%clk 0:00:44]} gxf4+ {[%clk 0:00:47]} 40. Nxf4
{[%clk 0:01:12]} h6 {[%clk 0:00:54]} 41. Nd3+ {[%clk 0:01:04]} Kd6
{[%clk 0:29:36]} 42. Kd4 {[%clk 0:28:14]} Bg2 {[%clk 0:27:54]} 43. Nf4
{[%clk 0:13:46]} Bf1 {[%clk 0:25:52]} 44. Nd5 {[%clk 0:12:59]} Kc6
{[%clk 0:23:32]} 45. Ne7+ {[%clk 0:11:34]} Kd7 {[%clk 0:23:52]} 46. Nf5
{[%clk 0:11:56]} Bh3 {[%clk 0:23:03]} 47. Nxh6 {[%clk 0:11:27]} Be6
{[%clk 0:23:25]} 48. c5 {[%clk 0:09:49]} Kc6 {[%clk 0:21:53]} 49. cxb6
{[%clk 0:08:28]} Kxb6 {[%clk 0:22:22]} 50. Ke5 {[%clk 0:07:12]} Bh3
{[%clk 0:21:49]} 51. a4 {[%clk 0:04:27]} Bd7 {[%clk 0:21:27]} 52. Nf5
{[%clk 0:03:45]} Bxa4 {[%clk 0:21:04]} 53. Nd4 {[%clk 0:03:15]} a5
{[%clk 0:15:26]} 54. bxa5+ {[%clk 0:03:09]} Kxa5 {[%clk 0:15:54]} 55. h4
{[%clk 0:03:28]} Bd1 {[%clk 0:14:47]} 56. Kf4 {[%clk 0:03:25]} Bh5
{[%clk 0:14:22]} 57. Nf3 {[%clk 0:02:57]} Kb6 {[%clk 0:14:03]} 58. Ne5
{[%clk 0:03:17]} Kc7 {[%clk 0:13:47]} 59. Kg5 {[%clk 0:03:39]} Bd1
{[%clk 0:14:05]} 60. Ng4 {[%clk 0:03:57]} Bxg4 {[%clk 0:13:34]} 61. Kxg4
{[%clk 0:04:14]} Kd8 1/2-1/2

[Event "V4 OPEN - International Championship of Slovakia 2
[Site "Banska Stiavnica"]
[Date "2013.07.12"]
[Round "7"]
[Board "30"]
[White "Rabovszky, Gyorgy"]
[Black "Chlpik, Martin"]
[Result "1-0"]
[WhiteElo "1923"]
[BlackElo "2125"]
[PlyCount "0"]
[EventDate "2013.07.06"]
[EventRounds "9"]
[EventCountry "SVK"]

1. e4 {[%clk 1:30:58]} c5 {[%clk 1:29:36]} 2. Nc3 {[%clk 1:30:52]} d6
{[%clk 1:30:04]} 3. f4 {[%clk 1:31:05]} Nc6 {[%clk 1:30:26]} 4. Bc4
{[%clk 1:30:48]} g6 {[%clk 1:30:42]} 5. Nf3 {[%clk 1:30:53]} Bg7 {[%clk 1:31:00]}
6. f5 {[%clk 1:30:25]} gxf5 {[%clk 1:30:06]} 7. d3 {[%clk 1:29:48]} Nf6
{[%clk 1:29:42]} 8. O-O {[%clk 1:29:16]} O-O {[%clk 1:24:49]} 9. Qe1
{[%clk 1:26:43]} Nd4 {[%clk 1:21:55]} 10. Qh4 {[%clk 1:11:42]} e6
{[%clk 1:08:44]} 11. Bg5 {[%clk 1:03:05]} h6 {[%clk 0:56:40]} 12. Bxh6
{[%clk 0:55:15]} Bxh6 {[%clk 0:55:40]} 13. Qxh6 {[%clk 0:55:01]} Ng4
{[%clk 0:55:52]} 14. Qd2 {[%clk 0:44:16]} Qf6 {[%clk 0:51:22]} 15. h3
{[%clk 0:36:52]} Nh6 {[%clk 0:25:22]} 16. Nh2 {[%clk 0:31:36]} Qg7
{[%clk 0:21:29]} 17. Kh1 {[%clk 0:29:25]} Kh8 {[%clk 0:17:52]} 18. Rf2
{[%clk 0:23:03]} Bd7 {[%clk 0:14:41]} 19. Rg1 {[%clk 0:18:31]} b5
{[%clk 0:14:15]} 20. Bb3 {[%clk 0:17:27]} b4 {[%clk 0:13:10]} 21. Ne2
{[%clk 0:14:15]} Nxb3 {[%clk 0:09:06]} 22. axb3 {[%clk 0:14:10]} e5
{[%clk 0:09:17]} 23. exf5 {[%clk 0:13:26]} Nxf5 {[%clk 0:09:30]} 24. g4
{[%clk 0:13:25]} Bc6+ {[%clk 0:09:59]} 25. Nf3 {[%clk 0:12:21]} Nh4
{[%clk 0:10:27]} 26. Rg3 {[%clk 0:12:30]} Nxf3 {[%clk 0:10:44]} 27. Rfxf3
{[%clk 0:12:26]} Qf6 {[%clk 0:10:34]} 28. Kh2 {[%clk 0:10:39]} Bxf3
{[%clk 0:07:09]} 29. Rxf3 {[%clk 0:11:08]} Qg6 {[%clk 0:06:59]} 30. Rf5
{[%clk 0:10:08]} f6 {[%clk 0:07:05]} 31. Ng3 {[%clk 0:08:58]} Rf7
{[%clk 0:06:26]} 32. Ne4 {[%clk 0:05:55]} Rh7 {[%clk 0:01:32]} 33. Nxf6
{[%clk 0:03:05]} Rh6 {[%clk 0:01:18]} 34. Nh5 {[%clk 0:02:17]} Qh7
{[%clk 0:00:48]} 35. Qf2 {[%clk 0:02:11]} Rg8 {[%clk 0:00:44]} 36. Qf3
{[%clk 0:01:40]} Qg6 {[%clk 0:00:36]} 37. Qe3 {[%clk 0:00:58]} Rh7
{[%clk 0:00:31]} 38. Nf6 {[%clk 0:01:08]} Rf8 {[%clk 0:00:41]} 39. Nxh7
{[%clk 0:00:56]} Rxf5 {[%clk 0:01:10]} 40. gxf5 {[%clk 0:01:09]} Qxh7
{[%clk 0:00:58]} 41. Qg5 {[%clk 0:01:26]} Qf7 {[%clk 0:26:46]} 42. h4
{[%clk 0:32:08]} d5 {[%clk 0:15:40]} 43. Qh6+ {[%clk 0:19:17]} Kg8
{[%clk 0:13:55]} 44. Qe6 {[%clk 0:19:25]} Kg7 {[%clk 0:13:08]} 45. Qxf7+
{[%clk 0:14:50]} Kxf7 {[%clk 0:13:36]} 46. h5 {[%clk 0:15:09]} a5
{[%clk 0:13:31]} 47. Kg3 {[%clk 0:13:17]} c4 {[%clk 0:13:38]} 48. dxc4
{[%clk 0:10:01]} dxc4 {[%clk 0:13:45]} 49. Kf3 {[%clk 0:10:24]} 1-0

[Event "V4 OPEN - International Championship of Slovakia 2
[Site "Banska Stiavnica"]
[Date "2013.07.12"]
[Round "7"]
[Board "31"]
[White "Danada, Tomas"]
[Black "Nowak, Lukasz"]
[Result "1-0"]
[WhiteElo "2085"]
[BlackElo "1955"]
[PlyCount "93"]
[EventDate "2013.07.06"]
[EventRounds "9"]
[EventCountry "SVK"]

1. e4 c5 2. Na3 Nc6 3. Bb5 g6 4. f4 Bg7 5. c3 d5 6. d3 e5 7. Qe2 Nge7 8. exd5
Qxd5 9. Bc4 Qd8 10. Nf3 O-O 11. O-O Bg4 12. h3 Bxf3 13. Qxf3 Nf5 14. g4 Nd6 15.
Bd5 Ne7 16. Bxb7 Nxb7 17. Qxb7 Qxd3 18. Qf3 Rfd8 19. fxe5 Qxf3 20. Rxf3 Rd1+
21. Rf1 Rd3 22. Nc4 Nd5 23. Kg2 Re8 24. Re1 Re6 25. a4 f6 26. Ra3 fxe5 27. Rb3
Nb6 28. Nxb6 Rxb6 29. Rb5 Rxb5 30. axb5 Kf7 31. Be3 Bf8 32. Kf2 Ke6 33. Ra1 Rd7
34. c4 e4 35. Ke2 Ke5 36. Rf1 Bd6 37. Rd1 Ke6 38. Rd5 Rc7 39. Rxd6+ Kxd6 40.
Bf4+ Kd7 41. Bxc7 Kxc7 42. Ke3 Kd6 43. Kxe4 Ke6 44. h4 h6 45. h5 g5 46. b3 Ke7
47. Kd5 1-0

[Event "V4 OPEN - International Championship of Slovakia 2
[Site "Banska Stiavnica"]
[Date "2013.07.12"]
[Round "7"]
[Board "33"]
[White "Volcko, Richard"]
[Black "Milcova, Zuzana"]
[Result "1/2-1/2"]
[WhiteElo "1766"]
[BlackElo "2061"]
[PlyCount "148"]
[EventDate "2013.07.06"]
[EventRounds "9"]
[EventCountry "SVK"]

1. e4 d5 2. exd5 Nf6 3. c4 c6 4. d4 cxd5 5. Nc3 Nc6 6. Nf3 e6 7. Bg5 Be7 8. Bd3
O-O 9. O-O h6 10. Bh4 dxc4 11. Bxc4 Nd5 12. Bxe7 Ncxe7 13. Ne5 a6 14. Be2 b6
15. Bf3 Bb7 16. Rc1 Rc8 17. Qb3 Nxc3 18. bxc3 Bxf3 19. Nxf3 b5 20. Ne5 Nf5 21.
Nd3 Qg5 22. f4 Qe7 23. Nc5 Qd6 24. Kh1 Rc6 25. Rce1 Kh8 26. Re5 Ne7 27. Qc2 Ng6
28. Re4 Qd5 29. Kg1 a5 30. Qe2 Kg8 31. g4 Qc4 32. Qxc4 bxc4 33. Rb1 Ra8 34. f5
exf5 35. gxf5 Nf8 36. Rb7 Rf6 37. Re5 g6 38. Ne4 Rxf5 39. Rxf5 gxf5 40. Nd6 Ra6
41. Nxf7 Rf6 42. Ne5 Ng6 43. Nxc4 Nf4 44. Rb3 a4 45. Ra3 Rc6 46. Ne5 Rxc3 47.
Rxa4 Rc1+ 48. Kf2 Rd1 49. Nf3 Kg7 50. Ra7+ Kf6 51. Ra6+ Kf7 52. Rxh6 Ne6 53.
Ne5+ Ke7 54. Rh7+ Ke8 55. Rh8+ Ke7 56. Ke2 Ra1 57. Ke3 Rxa2 58. Rh4 Ra3+ 59.
Kd2 Ra2+ 60. Kc3 Kd6 61. Rh6 Kd5 62. Rh4 Nxd4 63. Rxd4+ Kxe5 64. Rh4 f4 65. Kd3
Kf5 66. Rh8 Kg4 67. Rg8+ Kf3 68. h4 Rh2 69. Rh8 Kf2 70. h5 f3 71. h6 Kf1 72. h7
f2 73. Kd2 Rh3 74. Kd1 Rd3+ 1/2-1/2

[Event "V4 OPEN - International Championship of Slovakia 2
[Site "Banska Stiavnica"]
[Date "2013.07.12"]
[Round "7"]
[Board "34"]
[White "Juhar, Roman"]
[Black "Chovan, Milan"]
[Result "1/2-1/2"]
[WhiteElo "2213"]
[BlackElo "1890"]
[PlyCount "164"]
[EventDate "2013.07.06"]
[EventRounds "9"]
[EventCountry "SVK"]

1. f4 d5 2. Nf3 g6 3. e3 Nf6 4. b3 Bg7 5. Bb2 O-O 6. Be2 b6 7. O-O Bb7 8. Ne5
c5 9. g4 Qc7 10. Na3 a6 11. c4 Nfd7 12. cxd5 Nxe5 13. Bxe5 Bxe5 14. fxe5 Bxd5
15. d4 Nd7 16. Rc1 Qb7 17. Nc4 cxd4 18. exd4 b5 19. Ne3 Nb6 20. Nxd5 Nxd5 21.
Bf3 Rfd8 22. Rc5 e6 23. Qd2 b4 24. Qg2 Rd7 25. Bxd5 Rxd5 26. Rxd5 exd5 27. Rc1
Rc8 28. Rxc8+ Qxc8 29. Qxd5 Qc1+ 30. Kg2 Qd2+ 31. Kf3 Qd3+ 32. Kf4 Qd2+ 33. Kg3
Qe3+ 34. Qf3 Qxd4 35. Qe2 a5 36. Kf3 Qd5+ 37. Qe4 Qd1+ 38. Ke3 Qg1+ 39. Kd3
Qxh2 40. Kc4 Qxa2 41. e6 fxe6 42. Qxe6+ Kg7 43. Qe5+ Kg8 44. Qd5+ Kg7 45. Qe5+
Kg8 46. Qe6+ Kg7 47. Kb5 a4 48. Qe5+ Kg8 49. bxa4 b3 50. Qe6+ Kg7 51. Kb4 Qd2+
52. Kxb3 Qd3+ 53. Kb4 Qd2+ 54. Kb5 Qb2+ 55. Ka6 Qd4 56. a5 h5 57. Qe7+ Kg8 58.
gxh5 gxh5 59. Qg5+ Kf8 60. Qh6+ Ke7 61. Qh7+ Kd6 62. Qg6+ Kd7 63. Qf7+ Kd6 64.
Qf8+ Kd7 65. Qf5+ Kc7 66. Qb5 Qd6+ 67. Ka7 Qc6 68. Qb6+ Kd7 69. Qd4+ Kc8 70.
Qh8+ Kd7 71. Qg7+ Kc8 72. Qf8+ Kd7 73. Qf5+ Kc7 74. Qb1 Kd7 75. a6 Qc7+ 76. Qb7
Kd8 77. Ka8 Qc8+ 78. Ka7 Qc7 79. Ka8 Qc8+ 80. Qb8 Kd7 81. a7 h4 82. Qxc8+ Kxc8
1/2-1/2

[Event "V4 OPEN - International Championship of Slovakia 2
[Site "Banska Stiavnica"]
[Date "2013.07.12"]
[Round "7"]
[Board "35"]
[White "Turkova, Karolina"]
[Black "Kantorik, Marian"]
[Result "0-1"]
[WhiteElo "2018"]
[BlackElo "2331"]
[PlyCount "64"]
[EventDate "2013.07.06"]
[EventRounds "9"]
[EventCountry "SVK"]

1. e4 e5 2. Nf3 Nc6 3. Bb5 a6 4. Ba4 d6 5. O-O Bd7 6. c3 Nge7 7. d4 Ng6 8. Nbd2
Be7 9. Re1 h6 10. Nf1 Bg5 11. Ng3 Bxc1 12. Rxc1 O-O 13. d5 Nce7 14. c4 Bxa4 15.
Qxa4 f5 16. Qb3 b6 17. Qc3 a5 18. a3 a4 19. Qc2 Qd7 20. exf5 Nxf5 21. Nxf5 Rxf5
22. Nd2 Rg5 23. Kh1 Rf8 24. f3 Nf4 25. g3 Rxg3 26. Rg1 Rh3 27. Ne4 Rxf3 28. Rg3
Rxg3 29. Nxg3 Qg4 30. Rf1 h5 31. Rf2 Rf6 32. Qxa4 h4 0-1

[Event "V4 OPEN - International Championship of Slovakia 2
[Site "Banska Stiavnica"]
[Date "2013.07.12"]
[Round "7"]
[Board "36"]
[White "Wozniak, Mariola"]
[Black "Zvarik, Martin"]
[Result "0-1"]
[WhiteElo "2016"]
[BlackElo "2235"]
[PlyCount "76"]
[EventDate "2013.07.06"]
[EventRounds "9"]
[EventCountry "SVK"]

1. e4 e5 2. Nf3 Nc6 3. Nc3 d6 4. d4 Bg4 5. d5 Nd4 6. Be2 Nxe2 7. Qxe2 a6 8. h3
Bd7 9. Bd2 Ne7 10. Nd1 c6 11. dxc6 bxc6 12. O-O g6 13. Ne3 Qb8 14. Nc4 Nc8 15.
Rfd1 Bg7 16. Qd3 f5 17. Bc3 fxe4 18. Qxe4 O-O 19. Ncxe5 Bf5 20. Qc4+ d5 21.
Qxc6 Ne7 22. Qc5 Qb7 23. Bb4 Rfe8 24. c3 Be4 25. Re1 Rac8 26. Qa5 Nf5 27. Rad1
Bxe5 28. Rxe4 dxe4 29. Nxe5 e3 30. Rd7 Rxe5 31. Rxb7 Rxa5 32. Bxa5 Rc5 33. Bb4
e2 34. Rb8+ Kf7 35. Rb7+ Ke6 36. Rb6+ Kd5 37. Kh2 Rc4 38. Ba5 e1=Q 0-1

[Event "V4 OPEN - International Championship of Slovakia 2
[Site "Banska Stiavnica"]
[Date "2013.07.12"]
[Round "7"]
[Board "37"]
[White "Kleman, Miroslav"]
[Black "Karas, Marek"]
[Result "1/2-1/2"]
[WhiteElo "2207"]
[BlackElo "2017"]
[PlyCount "55"]
[EventDate "2013.07.06"]
[EventRounds "9"]
[EventCountry "SVK"]

1. b3 d5 2. e3 e5 3. Bb2 Bd6 4. Nf3 Nd7 5. c4 Ne7 6. d4 exd4 7. Qxd4 Bb4+ 8.
Nbd2 Nf6 9. cxd5 Bxd2+ 10. Qxd2 Nexd5 11. Bd3 Qe7 12. O-O O-O 13. e4 Nb6 14.
Qg5 h6 15. Qh4 Be6 16. Rfe1 Rad8 17. Rad1 c5 18. Bc1 c4 19. bxc4 Bxc4 20. Bxc4
Nxc4 21. Rxd8 Rxd8 22. h3 Ne5 23. Nxe5 Qxe5 24. f3 Rd3 25. Qf2 Qc3 26. Bb2 Qd2
27. Re2 Qd1+ 28. Re1 1/2-1/2

[Event "V4 OPEN - International Championship of Slovakia 2
[Site "Banska Stiavnica"]
[Date "2013.07.12"]
[Round "7"]
[Board "38"]
[White "Puskar, Jan"]
[Black "Skara, Vladimir"]
[Result "1-0"]
[WhiteElo "2014"]
[BlackElo "2205"]
[PlyCount "89"]
[EventDate "2013.07.06"]
[EventRounds "9"]
[EventCountry "SVK"]

1. Nf3 c5 2. c4 b6 3. g3 Bb7 4. Bg2 Nf6 5. Nc3 e6 6. O-O Be7 7. b3 O-O 8. Bb2
d6 9. Re1 a6 10. d4 cxd4 11. Nxd4 Bxg2 12. Kxg2 Qc7 13. e4 Nbd7 14. Qd2 Rfe8
15. Rad1 Bf8 16. h3 Qb7 17. Kh2 Rad8 18. Nc2 b5 19. cxb5 axb5 20. Qe2 b4 21.
Na4 d5 22. exd5 Nxd5 23. Ne3 N7f6 24. Nc4 Ra8 25. Rc1 Be7 26. Qf3 Red8 27. Rc2
Qb5 28. Rec1 h5 29. Ne5 h4 30. Nc6 hxg3+ 31. fxg3 Rd7 32. Nxe7+ Rxe7 33. Bxf6
gxf6 34. Rc5 Qb7 35. R1c4 Rd7 36. Rc6 Kf8 37. Qf2 Ra5 38. h4 Ke7 39. Rc8 Nc7
40. Nb6 Rf5 41. Qe3 Qa7 42. Qh6 Rf2+ 43. Kh3 Ne8 44. Rxe8+ Kxe8 45. Qh8+ 1-0

[Event "V4 OPEN - International Championship of Slovakia 2
[Site "Banska Stiavnica"]
[Date "2013.07.12"]
[Round "7"]
[Board "39"]
[White "Sosovicka, Juraj"]
[Black "Hlavac, Peter"]
[Result "1-0"]
[WhiteElo "2201"]
[BlackElo "1999"]
[PlyCount "53"]
[EventDate "2013.07.06"]
[EventRounds "9"]
[EventCountry "SVK"]

1. e4 e6 2. d4 d5 3. Nd2 c5 4. exd5 exd5 5. Bb5+ Nc6 6. Qe2+ Qe7 7. dxc5 Qxe2+
8. Nxe2 Bxc5 9. Nb3 Be7 10. Nc3 a6 11. Nxd5 Bd8 12. Bxc6+ bxc6 13. Nc3 Ne7 14.
Bf4 O-O 15. O-O-O Ng6 16. Be3 a5 17. Na4 Rb8 18. Rhe1 Be6 19. Nac5 Re8 20. Nxe6
Rxe6 21. Nc5 Re8 22. Bf4 Rxe1 23. Rxe1 Rc8 24. Re8+ Nf8 25. Nd7 Bg5 26. Rxc8
Bxf4+ 27. Kd1 1-0

[Event "V4 OPEN - International Championship of Slovakia 2
[Site "Banska Stiavnica"]
[Date "2013.07.12"]
[Round "7"]
[Board "40"]
[White "Gombar, Peter"]
[Black "Kalisky, Vladimir"]
[Result "0-1"]
[WhiteElo "1964"]
[BlackElo "2195"]
[PlyCount "82"]
[EventDate "2013.07.06"]
[EventRounds "9"]
[EventCountry "SVK"]

1. e4 c5 2. Nf3 Nc6 3. d4 cxd4 4. Nxd4 Nf6 5. Nc3 g6 6. Be3 Bg7 7. f3 O-O 8.
Qd2 d5 9. exd5 Nxd5 10. Nxd5 Qxd5 11. Nxc6 Qxc6 12. O-O-O Bf5 13. Bd3 Rad8 14.
Kb1 Bxd3 15. cxd3 Qb5 16. Qc2 Rd5 17. d4 Rfd8 18. Rhe1 Qd7 19. Rc1 a5 20. Qc7
Qf5+ 21. Ka1 e5 22. dxe5 Bxe5 23. Qc2 Rb5 24. g4 Rxb2 25. Qxf5 gxf5 26. Bg5
Re2+ 27. Kb1 Rxe1 28. Rxe1 Rd5 29. gxf5 f6 30. Bh6 Kf7 31. f4 Bd6 32. Rg1 Bf8
33. Bxf8 Kxf8 34. Rc1 Rb5+ 35. Kc2 Rc5+ 36. Kd2 Rxc1 37. Kxc1 Ke7 38. Kc2 Kd6
39. Kd3 Kc5 40. Kc3 b5 41. a3 Kd5 0-1

[Event "V4 OPEN - International Championship of Slovakia 2
[Site "Banska Stiavnica"]
[Date "2013.07.12"]
[Round "7"]
[Board "41"]
[White "Kumala, Aleksander"]
[Black "Demeter, Peter"]
[Result "1-0"]
[WhiteElo "1954"]
[BlackElo "2168"]
[PlyCount "99"]
[EventDate "2013.07.06"]
[EventRounds "9"]
[EventCountry "SVK"]

1. d4 c5 2. c3 Nf6 3. Nf3 b6 4. dxc5 bxc5 5. e4 Bb7 6. e5 Nd5 7. c4 Nb4 8. Nc3
Bxf3 9. gxf3 Qc7 10. f4 Qb7 11. Rg1 N8c6 12. a3 Na6 13. Bg2 g6 14. Nd5 Bg7 15.
Qa4 Rc8 16. Bd2 e6 17. Nc3 O-O 18. Nb5 Rb8 19. Bc3 Qb6 20. Rd1 Rfd8 21. Be4 Nc7
22. Rg3 Bh6 23. Rgd3 Bxf4 24. Rd6 Ne8 25. Rxd7 Rxd7 26. Rxd7 Nxe5 27. Ba5 Qa6
28. Rxa7 Qc8 29. Re7 Nc6 30. Na7 Nxa7 31. Rxa7 Rxb2 32. Bc3 Rb8 33. Bb7 Qd8 34.
Be4 Nf6 35. Bc2 Bxh2 36. Qc6 Bf4 37. Qxc5 g5 38. Qd4 Qxd4 39. Bxd4 Ne8 40. a4
h5 41. a5 Nd6 42. c5 Nb5 43. Rd7 Nxd4 44. Rxd4 Rc8 45. a6 Ra8 46. Ra4 Ra7 47.
Be4 h4 48. Bb7 h3 49. Kf1 Kf8 50. Rxf4 1-0

[Event "V4 OPEN - International Championship of Slovakia 2
[Site "Banska Stiavnica"]
[Date "2013.07.12"]
[Round "7"]
[Board "42"]
[White "Topolovsky, Vincent"]
[Black "Pesztericz, Laszlo"]
[Result "0-1"]
[WhiteElo "1952"]
[BlackElo "2132"]
[PlyCount "82"]
[EventDate "2013.07.06"]
[EventRounds "9"]
[EventCountry "SVK"]

1. Nf3 Nf6 2. c4 g6 3. Nc3 Bg7 4. g3 d6 5. Bg2 Nc6 6. O-O O-O 7. d3 e5 8. Rb1
a5 9. a3 Nd4 10. e3 Nxf3+ 11. Bxf3 c6 12. e4 Bh3 13. Bg2 Qd7 14. f4 exf4 15.
gxf4 Bxg2 16. Kxg2 Ne8 17. f5 gxf5 18. Rxf5 Kh8 19. Qf3 Nc7 20. Be3 Rae8 21.
Kh1 Re5 22. Rf1 Rxf5 23. Qxf5 Qxf5 24. Rxf5 Ne6 25. Kg2 Be5 26. Ne2 c5 27. b3
f6 28. h4 Rg8+ 29. Kf1 a4 30. bxa4 Ra8 31. Nf4 Ng7 32. Rxe5 fxe5 33. Nd5 Rxa4
34. Bc1 Ne6 35. Nc3 Ra8 36. Nb5 Rd8 37. Be3 Kg7 38. Ke2 Kf6 39. Kd2 Nf4 40. Nc7
Rd7 41. Bxf4 Rxc7 0-1

[Event "V4 OPEN - International Championship of Slovakia 2
[Site "Banska Stiavnica"]
[Date "2013.07.12"]
[Round "7"]
[Board "43"]
[White "Sepesi, Samuel"]
[Black "Mondrzycki, Bartlomiej"]
[Result "0-1"]
[WhiteElo "1954"]
[BlackElo "2099"]
[PlyCount "106"]
[EventDate "2013.07.06"]
[EventRounds "9"]
[EventCountry "SVK"]

1. e4 b6 2. d4 Bb7 3. Bd3 e6 4. Be3 Nf6 5. f3 d5 6. e5 Nfd7 7. f4 c5 8. c3 Ba6
9. Bxa6 Nxa6 10. Ne2 Qh4+ 11. Bf2 Qg4 12. h3 Qg6 13. a3 Be7 14. Nd2 O-O-O 15.
g4 f6 16. f5 exf5 17. Nf4 Qh6 18. Ne6 Rde8 19. Qa4 Ndb8 20. gxf5 fxe5 21. dxe5
g6 22. f6 Bxf6 23. Qg4 Qh5 24. Qxh5 gxh5 25. exf6 Rxe6+ 26. Kd1 Rxf6 27. Bh4
Rf4 28. Bg3 Rf5 29. Kc2 Rg8 30. Bxb8 Kxb8 31. Rhg1 Rg6 32. Raf1 Re5 33. Rf8+
Kc7 34. Rgf1 Kd7 35. R1f7+ Re7 36. Rxe7+ Kxe7 37. Ra8 Nc7 38. Rxa7 Kd6 39. Ra4
c4 40. Rb4 Kc5 41. a4 Rg2 42. b3 cxb3+ 43. Rxb3 Ne6 44. Rb5+ Kc6 45. Rb4 Ng5
46. Kd1 Nxh3 47. Nf3 Nf2+ 48. Kc2 Ne4+ 49. Kb3 Rf2 50. Nd4+ Kb7 51. Rb5 Nc5+
52. Ka3 Rf1 53. Ka2 Nxa4 0-1

[Event "V4 OPEN - International Championship of Slovakia 2
[Site "Banska Stiavnica"]
[Date "2013.07.12"]
[Round "7"]
[Board "44"]
[White "Kravec, Patrik"]
[Black "Mulenko, Alexander"]
[Result "1/2-1/2"]
[WhiteElo "1916"]
[BlackElo "2098"]
[PlyCount "75"]
[EventDate "2013.07.06"]
[EventRounds "9"]
[EventCountry "SVK"]

1. e4 c5 2. Nf3 g6 3. d4 Bg7 4. Nc3 cxd4 5. Nxd4 Nc6 6. Be3 Nf6 7. f3 O-O 8.
Bc4 Qb6 9. Bb3 Ng4 10. Na4 Nxe3 11. Nxb6 Nxd1 12. Nxa8 Nxb2 13. Nxc6 bxc6 14.
Kd2 Ba6 15. Nc7 Bc4 16. Rab1 Rc8 17. Bxc4 Nxc4+ 18. Ke2 Rxc7 19. Rb8+ Bf8 20.
Rhb1 Nb6 21. Rd8 e6 22. a4 Rc8 23. Rxc8 Nxc8 24. Rb8 Nb6 25. a5 Nc4 26. a6 Kg7
27. Rb7 Bc5 28. Rxd7 Bb6 29. Rb7 Bg1 30. Rc7 Nd6 31. Rxc6 Ne8 32. Rc8 Kf8 33.
h4 Ke7 34. Rb8 Kd7 35. Rb7+ Nc7 36. g4 h6 37. c3 Kc6 38. Kd3 1/2-1/2

[Event "V4 OPEN - International Championship of Slovakia 2
[Site "Banska Stiavnica"]
[Date "2013.07.12"]
[Round "7"]
[Board "45"]
[White "Mosny, Jaroslav"]
[Black "Cech, Dominik"]
[Result "0-1"]
[WhiteElo "1926"]
[BlackElo "2094"]
[PlyCount "54"]
[EventDate "2013.07.06"]
[EventRounds "9"]
[EventCountry "SVK"]

1. d4 Nf6 2. Nf3 g6 3. c4 Bg7 4. Nc3 d6 5. g3 O-O 6. Bg2 Nc6 7. O-O a6 8. d5
Na5 9. Qd3 c5 10. Nd2 Ng4 11. b3 b5 12. cxb5 axb5 13. Rb1 b4 14. Nd1 Ba6 15.
Qc2 Bxe2 16. Re1 Bb5 17. Nf3 Nf6 18. Ne3 Qd7 19. Bb2 Nb7 20. Ba1 Ra3 21. Ng5
Rfa8 22. Bh3 Qc7 23. Nf5 Rxa2 24. Qxa2 Rxa2 25. Nxe7+ Kf8 26. Nc6 Bxc6 27. dxc6
Qxc6 0-1

[Event "V4 OPEN - International Championship of Slovakia 2
[Site "Banska Stiavnica"]
[Date "2013.07.12"]
[Round "7"]
[Board "46"]
[White "Popelka, Oldrich"]
[Black "Sturc, Jan"]
[Result "0-1"]
[WhiteElo "2094"]
[BlackElo "1999"]
[PlyCount "70"]
[EventDate "2013.07.06"]
[EventRounds "9"]
[EventCountry "SVK"]

1. c4 Nc6 2. Nc3 e5 3. g3 g6 4. Bg2 Bg7 5. e3 d6 6. Nge2 Nf6 7. a3 a5 8. Rb1
O-O 9. b4 axb4 10. axb4 Bf5 11. d3 Qc8 12. O-O Bh3 13. Qb3 Nd8 14. Nd5 Nxd5 15.
Bxh3 Qxh3 16. cxd5 c6 17. Nc3 Qd7 18. b5 c5 19. Na4 Qh3 20. Nb6 Rb8 21. d4 e4
22. dxc5 f5 23. c6 Nf7 24. f4 exf3 25. Rxf3 Ne5 26. Rf1 f4 27. gxf4 Nf3+ 28.
Rxf3 Qxf3 29. c7 Rbe8 30. c8=Q Rxc8 31. Nxc8 Rxf4 32. exf4 Bd4+ 33. Be3 Bxe3+
34. Qxe3 Qxe3+ 35. Kg2 Qe4+ 0-1

[Event "V4 OPEN - International Championship of Slovakia 2
[Site "Banska Stiavnica"]
[Date "2013.07.12"]
[Round "7"]
[Board "47"]
[White "Kula, Dominik"]
[Black "Koval, Maros"]
[Result "1-0"]
[WhiteElo "1906"]
[BlackElo "2084"]
[PlyCount "62"]
[EventDate "2013.07.06"]
[EventRounds "9"]
[EventCountry "SVK"]

1. e4 d6 2. d4 g6 3. Nc3 Bg7 4. Nf3 Bg4 5. Be2 Nc6 6. Be3 Bxf3 7. Bxf3 e5 8.
dxe5 Nxe5 9. Be2 Ne7 10. O-O f5 11. Nd5 Nxd5 12. Qxd5 c6 13. Qe6+ Qe7 14. exf5
Qxe6 15. fxe6 c5 16. f4 Nc6 17. c3 O-O-O 18. g4 b6 19. f5 gxf5 20. gxf5 Bf6 21.
Rad1 d5 22. Bf3 Ne7 23. Bg2 Rhg8 24. Kh1 Rxg2 25. Kxg2 d4 26. cxd4 cxd4 27.
Bxd4 Bxd4 28. f6 Ng6 29. e7 Nxe7 30. fxe7 Rg8+ 31. Kh3 Bc5 1-0

[Event "V4 OPEN - International Championship of Slovakia 2
[Site "Banska Stiavnica"]
[Date "2013.07.12"]
[Round "7"]
[Board "48"]
[White "Toma, Rudolf"]
[Black "Hros, Roman"]
[Result "0-1"]
[WhiteElo "2068"]
[BlackElo "1982"]
[PlyCount "56"]
[EventDate "2013.07.06"]
[EventRounds "9"]
[EventCountry "SVK"]

1. d4 Nf6 2. c4 e6 3. a3 c5 4. Nf3 b6 5. e3 Bb7 6. Be2 g6 7. O-O Bg7 8. Nc3 O-O
9. Qc2 Qe7 10. Rd1 d6 11. e4 cxd4 12. Nxd4 a6 13. Bf3 Nbd7 14. Be3 Rac8 15. b3
Ne5 16. Be2 d5 17. Bg5 dxc4 18. f4 Nc6 19. Nxc6 Bxc6 20. e5 Qc5+ 21. Kh1 Nd5
22. Nxd5 Bxd5 23. bxc4 b5 24. Qc3 bxc4 25. Rac1 Rc6 26. Rd2 Rb8 27. Rb2 Rcb6
28. Rcb1 Qf2 0-1